00430nam a2200157Ia 4500003000400000005001700004008004100021020001800062040000900080082001800089100001800107245007300125260004700198300000900245650001800254OSt20200706104236.0190216s9999||||xx |||||||||||||| ||und|| a9780198221456 coclc a947.08bWES/E aWestwood, J N 4aEndurance And Endeavour :bRussian History 1812-1986 /cJ N Westwood bOxford University Press,c1988.aNew York: a551p aWorld History